000 00345nam a2200145Ia 4500
008 151213s9999 xx 000 0 und d
100 _aevsjv‡`k we.wW.
245 _aevsjv‡`k †M‡RU|
_cevsjv‡`k we.wW.
260 _aXvKv
_bwe.wW.
300 _a2922 p.
650 _aLaw
650 _aLaw
700 _aevsjv‡`k we.wW.
999 _c2009
_d2009